Bestattungskultur in Masuren bis zur ersten Hälfte des 20. Jahrhunderts

Titel: Bestattungskultur in Masuren bis zur ersten Hälfte des 20. Jahrhunderts
Verfasser:
In: Deutsch-polnische Beziehungen in Kultur und Literatur ; 4. 13. - 15. April 2012, (2012), Seite 271-281
alle Artikel anzeigen
Veröffentlicht: 2012
Format: Aufsatz
Sprache: Deutsch
Kein Bild verfügbar
X
alg: 39275382
001A    $01999:11-11-16 
001B    $01999:21-05-21 $t16:55:15.000 
001D    $01999:11-11-16 
001U    $0utf8 
001X    $00 
002@    $0Aox 
003@    $0392753820 
007A    $0392753820 $aHEB 
007T    $0Herdc0098900m 
010@    $ager 
011@    $a2012 
021A    $aBestattungskultur in Masuren bis zur ersten Hälfte des 20. Jahrhunderts 
028A    $aDanilewska $dKatarzyna 
031A    $h271-281 $j2012 
039B    $aIn $8--Afu--. Deutsch-polnische Beziehungen in Kultur und Literatur ; 4. 13. - 15. April 2012. - Warszawa : Inst. Germanistyki Uniw. Warszawskiego, 2012. - 344 S.. - Ill.. - ISBN 83-89919-81-8 $x201200000000000729 $9334894433 
045F    $a390.09438 $eDDC23BSB 
045F/01 $a390 
045F/03 $g438 
045F/03 $g4382 
045F/03 $g43832 

lok: 39275382 78

exp: 39275382 78 1 #EPN
201B/01 $010-09-18 $t22:47:45.000 
201U/01 $0utf8 
203@/01 $0788853198 
208@/01 $a11-11-16 $be 
209A/01 $a/ $f000 $x00 
220C/01 $aTitelaufnehmer: pg 
220C/01 $aHerkunft: HI Marburg 
244Z/01 $2Trx $#Poola $#Lenkija $#Polija $#Polen Land $#Poland $#Lengyelország $#Poľsko $#Polsko $8--Trx--Polska$gkraj $x01 $9391345966 
244Z/01 $2Trx $#Prusy Wschodnie i Zachodnie $8--Trx--Ost- und Westpreußen $x02 $939113373X 
244Z/01 $#Mazury $74037914-0 $8--Tg1--Masuren $x03 $9085103527 
244Z/01 $aGeschichte 1900-1950 $x04 
244Z/01 $2Trx $#matusekombed $#laidotuvių apeigos $#Burial practices $#gyászolási szokások $#obrzędy pogrzebowe $#obrady, pohrebné $#obřady pohřební $8--Trx--Bestattungsbräuche $x05 $9391382861 
244Z/01 $2Trx $8--Trx--Einzelbeiträge $x06 $9391384570 
245Z/01 $a11.02 $x01 
247C/01 $82080>Marburg/Lahn, Herder-Institut, Forschungsbibliothek, Bibliographieportal $9336309341
LEADER 00000caa a22000002c 4500
001 392753820
003 DE-603
005 20210521165515.0
007 tu
008 161111s2012 xx |||| | u00||u|ger c
035 |a (DE-599)HEB392753820 
040 |a DE-603  |b ger  |c DE-603  |d DE-603 
041 |a ger 
082 0 4 |8 1\u  |a 390.09438  |q DE-101  |2 23/BSB 
085 |8 1\u  |b 390 
085 |8 1\u  |z 2  |s 438 
085 |8 1\u  |z 2  |s 4382 
085 |8 1\u  |z 2  |s 43832 
100 1 |a Danilewska, Katarzyna 
245 0 0 |a Bestattungskultur in Masuren bis zur ersten Hälfte des 20. Jahrhunderts 
264 0 |c 2012 
773 0 8 |i In  |t Deutsch-polnische Beziehungen in Kultur und Literatur ; 4. 13. - 15. April 2012  |d Warszawa : Inst. Germanistyki Uniw. Warszawskiego, 2012  |h 344 S., Ill.  |z 8389919818  |g (2012), Seite 271-281  |w (DE-603)334894433 
924 0 |9 2080  |a (DE-603)788853198  |b DE-2080  |c HES  |d d  |g /